| 000 | 00620nam a22002177a 4500 | ||
|---|---|---|---|
| 003 | UA-OsUOA | ||
| 001 | 128003 | ||
| 007 | ta | ||
| 008 | 20171227b un ||||| |||| 00| 0 ukr d | ||
| 100 | _aГороденська К. | ||
| 090 |
_a81 _bГ70 |
||
| 942 | _cSA | ||
| 040 |
_aUA-OsUOA _bukr _cUA-OsUOA _dUA-OsUOA |
||
| 245 | _aУживання та правопис новітніх запозичень | ||
| 300 | _aС.40-42 | ||
| 955 | _a0 | ||
| 041 | _aukr | ||
| 080 | _a81 | ||
| 773 | 0 | _w128002 | |
| 650 | 7 |
_a8 Мовознавство. Художня література. Літературознавство _2UDC |
|
| 999 |
_c415313 _d415313 |
||